000 02276cam a22005894i 4500
003 PE-LiUPU
005 20250731170456.0
008 150706s2007 ar r 000 0 spa d
035 _a(Sirsi) a51837
040 _aPE-LiUPU
_bspa
_cPE-LiUPU
_erda
049 _aPRUA
082 0 4 _a174.4
_bE94
_221
100 1 _aEtkin, Jorge,
_eautor.
245 1 0 _aCapital social y valores en la organización sustentable :
_bel deber ser, poder hacer y la voluntad creativa /
_cJorge Etkin.
264 1 _aBuenos Aires :
_bGranica,
_c2007.
300 _a423 páginas ;
_c22 cm.
336 _atext
_2rdacontent
337 _aunmediated
_2rdamedia
338 _avolume
_2rdacarrier
490 0 _aManagement
505 0 _aLazos que sustentan la organización -- Filosofía de gestión en organizaciones -- La realidad, armonía y disonancias -- Desarrollo con equidad -- La voluntad creativa -- Gerencia social -- Base ideológica y consenso -- Compromiso y confiabilidad -- Las imágenes compartidas -- comunicación y credibilidad -- Lenguaje y significación -- Clima de trabajo y subjetivación -- Cultura de empresa y valores Cultura Colaboración y creatividad -- Capital social -- Valores sociales -- El potencial ético de la organización.
526 _aSEG68
526 _aSEG70
526 _aSEG69
526 _aSEG67
526 _aSEG43
526 _aP144
526 _aP143
526 _aP131
526 _aP122
526 _aP120
526 _aP117
526 _aP112
526 _aP110
526 _aP106
526 _aP101
526 _aP80
526 _aP59
526 _aP54
526 _aP35
526 _aP33
526 _aP30
541 _g045-0004355;
650 0 4 _aCapital social (Sociología).
650 0 4 _aValores sociales.
910 _agl
_bjv
_cng
_d20121217
942 _2ddc
_cBOOK
949 _a174.4 94
_wDEWEY
_c1
_i66059
_lCCODEBUL1
_mBUL
_p22.00
_r0
_sY
_tLIBRO
_u2015-07-06
_xFCE
_PP04
_o.STAFF. Colección General
994 _aC0
_bPEPRU
596 _a1
999 _a174.4 E94
_wDEWEY
_c54403
_i66059
_d54403
_f2021-11-4
_g4
_lCCODEBUL1
_mBUL
_p22.00
_q2
_r0
_sY
_tBOOK
_u2015-7-6
_xBIBLIOTECA
_PP04
_0COMPRA
_o.STAFF. Colección General
980 _81
_gALBERTO SANCHEZ Responsable de Automatización